Music Quiz

Random Music or Singers Quiz
Score 0/20 Timer 05:00
1 Play Today
% Correct
YMCA
85.1%
Bohemian Rhapsody
85%
You're the One That I Want
81.2%
Dancing Queen
74.5%
Imagine
71.7%
Your Song
69.5%
Old Time Rock and Roll
67.7%
Stairway to Heaven
56.5%
Sweet Home Alabama
53.9%
No Woman No Cry
51.3%
% Correct
Comfortably Numb
44.1%
London Calling
40.5%
Superstition
39.1%
Heroes
37.3%
Highway to Hell
35.7%
Heart of Glass
30.7%
Let's Get It On
30.4%
September
26.7%
God Save the Queen
18%
Don’t Stop ’til You Get Enough
15.2%
Remove Ads.
Support Sporcle.
Get the best of Sporcle when you Go Orange. This ad-free experience offers more features, more stats, and more fun while also helping to support Sporcle. Thank you for becoming a member.

You're not logged in!

Compare scores with friends on all Sporcle quizzes.
OR
Log In

Show Comments

Extras

Top Quizzes Today


Score Distribution

Your Account Isn't Verified!

In order to create a playlist on Sporcle, you need to verify the email address you used during registration. Go to your Sporcle Settings to finish the process.

Report this User

Report this user for behavior that violates our Community Guidelines.

Details: